[Event "AUTO-INT-862"]
[Site "http://www.queenalice.com/game.php?id=385117"]
[Date "2008.4.10"]
[Round "1"]
[White "erodatam"]
[Black "xadrez1504"]
[Result "1-0"]
[WhiteElo "1629"]
[BlackElo "1225"]

1. e4 c5 2. Nf3 Nc6 3. d4 cxd4 4. Nxd4 Nf6 5. Nc3 e5 6. Ndb5 Bb4 7. a3 Bxc3+ 8.
Nxc3 O-O 9. Bd3 h6 10. O-O Qc7 11. Qf3 Nd4 12. Qg3 Kh7 13. f4 Qb6 14. Be3 d6 15.
fxe5 dxe5 16. Nd5 Nxd5 17. exd5+ Kh8 18. Qxe5 1-0

[Event "AUTO-INT-862"]
[Site "http://www.queenalice.com/game.php?id=385118"]
[Date "2008.4.10"]
[Round "1"]
[White "xadrez1504"]
[Black "erodatam"]
[Result "0-1"]
[WhiteElo "1233"]
[BlackElo "1574"]

1. e4 c5 2. Nf3 Nc6 3. d4 cxd4 4. Nxd4 Nf6 5. Nc3 e5 6. Nxc6 bxc6 7. Bg5 Qb6 8.
Bxf6 gxf6 9. Rb1 Bb4 10. Qf3 d5 11. exd5 cxd5 12. Kd1 Be6 13. Qxf6 Bg4+ 14. f3
Qxf6 15. Nxd5 Bxf3+ 0-1

[Event "Challenge"]
[Site "http://www.queenalice.com/game.php?id=385390"]
[Date "2008.4.10"]
[Round "-"]
[White "erodatam"]
[Black "coco"]
[Result "1-0"]
[WhiteElo "1500"]
[BlackElo "1100"]

1. e4 c6 2. d4 d5 3. e5 Bf5 4. Nc3 e6 5. g4 Bg6 6. Nge2 Nd7 7. h4 h6 8. Nf4 Ne7
9. Bd3 Bxd3 10. Qxd3 Nc8 11. Be3 Be7 12. Nh5 Bf8 13. O-O-O c5 14. dxc5 Nxe5 15.
Qe2 Nd7 16. Bd4 Nf6 17. Bxf6 gxf6 18. Nxd5 1-0

[Event "Let's Play Chess!"]
[Site "http://www.queenalice.com/game.php?id=387537"]
[Date "2008.4.14"]
[Round "-"]
[White "erodatam"]
[Black "CampbellMarcel"]
[Result "1-0"]
[WhiteElo "1680"]
[BlackElo "1817"]

1. e4 Nc6 2. d4 e6 3. Nf3 d5 4. e5 Nge7 5. c3 Nf5 6. Bd3 Be7 7. g4 Nh6 8. Rg1
Bh4 9. g5 Bxf2+ 10. Kxf2 Nf5 11. Nbd2 h6 12. Nf1 Nce7 13. Ng3 hxg5 14. Bxg5 f6
15. exf6 gxf6 16. Bxf6 Kd7 17. Ne5+ Kd6 18. Nf7+ 1-0

[Event "Challenge"]
[Site "http://www.queenalice.com/game.php?id=388119"]
[Date "2008.4.15"]
[Round "-"]
[White "danco69"]
[Black "erodatam"]
[Result "0-1"]
[WhiteElo "1632"]
[BlackElo "1765"]

1. e4 c5 2. d4 cxd4 3. Qxd4 Nc6 4. Qd1 Nf6 5. Bd3 g6 6. Nf3 d6 7. Bb5 Qa5+ 8.
Nc3 Bg7 9. O-O O-O 10. Bxc6 bxc6 11. Bd2 Qb6 12. Re1 Bg4 13. h3 Bxf3 14. Qxf3
Qxb2 15. e5 dxe5 16. Rab1 Qxc2 17. Bg5 Qf5 18. Qxf5 gxf5 19. Rxe5 Nd5 20. Nxd5
Bxe5 21. Nxe7+ Kg7 22. Nxf5+ Kg6 23. Be7 Kxf5 24. Bxf8 Rxf8 25. Rb7 Bb8 26. g4+
Ke6 27. f4 c5 28. f5+ Kd6 29. h4 Kc6 30. Rb3 Be5 31. h5 Rg8 32. a4 Rxg4+ 33. Kf2
Rxa4 34. Rf3 Rf4 35. Rxf4 Bxf4 36. Kf3 Bg5 37. Kg4 f6 38. h6 c4 39. Kf3 c3 40.
Ke2 c2 0-1

[Event "Challenge"]
[Site "http://www.queenalice.com/game.php?id=390964"]
[Date "2008.4.21"]
[Round "-"]
[White "vasileC"]
[Black "erodatam"]
[Result "0-1"]
[WhiteElo "1753"]
[BlackElo "1754"]

1. Nf3 d5 2. d4 Nf6 3. Nc3 Bg4 4. Ne5 Bf5 5. e3 e6 6. Bd3 Bd6 7. h3 Nbd7 8. Nxd7
Qxd7 9. Bxf5 exf5 10. O-O O-O 11. Ne2 Rfe8 12. a3 Ne4 13. Nc3 c6 14. Nxe4 fxe4
15. c3 Re6 16. Qg4 Rf8 17. b4 f5 18. Qe2 Rg6 19. h4 Qe7 20. h5 Qh4 21. hxg6 Qh2#
0-1

[Event "Challenge"]
[Site "http://www.queenalice.com/game.php?id=396989"]
[Date "2008.5.2"]
[Round "-"]
[White "erodatam"]
[Black "Fafner"]
[Result "0-1"]
[WhiteElo "1794"]
[BlackElo "1866"]

1. e4 e5 2. Nf3 Nc6 3. d4 exd4 4. Bc4 Bb4+ 5. c3 dxc3 6. O-O d6 7. a3 Bc5 8. b4
Bb6 9. Qb3 Qf6 10. Nxc3 Be6 11. Bg5 Bxc4 12. Qxc4 Qg6 13. Be3 Nge7 14. Bxb6 cxb6
15. Nb5 O-O 16. Rad1 Rac8 17. Nxd6 Rc7 18. Nb5 Rcc8 19. Qe2 Rfd8 20. h3 a6 21.
Nbd4 b5 22. Nb3 Qe6 23. Nc5 Qc4 24. Qxc4 bxc4 25. Nxb7 Rxd1 26. Rxd1 Rb8 27. Nd6
Rd8 28. e5 Ng6 29. Rd5 h6 30. Rc5 Ngxe5 31. Nxe5 Nxe5 32. Nxc4 Rd1+ 33. Kh2 Nxc4
34. Rxc4 Rd3 35. a4 Ra3 36. b5 axb5 37. axb5 Rb3 38. Rc8+ Kh7 39. Rb8 f6 40. b6
Kg6 41. b7 h5 42. f3 Kg5 43. Kg3 h4+ 44. Kh2 g6 45. Kg1 Rb1+ 46. Kh2 f5 47. f4+
Kxf4 48. Rh8 Rxb7 49. Rxh4+ Kg5 0-1

[Event "Challenge"]
[Site "http://www.queenalice.com/game.php?id=401685"]
[Date "2008.5.12"]
[Round "-"]
[White "sunking"]
[Black "erodatam"]
[Result "0-1"]
[WhiteElo "1839"]
[BlackElo "1779"]

1. e4 c5 2. e5 Nc6 3. Nf3 Qc7 4. Qe2 g6 5. d4 cxd4 6. Na3 Bg7 7. Nb5 Qb8 8. Bg5
a6 9. Nbxd4 Nxd4 10. Nxd4 Qxe5 11. Qxe5 Bxe5 12. Rd1 Bg7 13. Nf3 Bxb2 14. Bc4
Bc3+ 15. Bd2 Bxd2+ 16. Nxd2 Nf6 17. O-O O-O 18. Rfe1 d5 19. Bd3 e6 20. Nf3 Bd7
21. Ne5 Bb5 22. c4 dxc4 23. Bxc4 Bxc4 24. Nxc4 Rad8 25. Rb1 b5 26. Ne5 Rc8 27.
h3 Nd5 28. Nd7 Rfd8 29. Ne5 Rc2 30. a3 Rdc8 31. Nd7 R8c3 32. Ra1 Rb3 33. a4 b4
34. Nb8 a5 35. Nd7 Rbb2 36. Ne5 Rxf2 37. Nd3 Rxg2+ 38. Kf1 Rbd2 39. Rac1 Nf4 40.
Nxf4 Rdf2# 0-1

[Event "Challenge"]
[Site "http://www.queenalice.com/game.php?id=406090"]
[Date "2008.5.21"]
[Round "-"]
[White "vasileC"]
[Black "erodatam"]
[Result "1-0"]
[WhiteElo "1802"]
[BlackElo "1769"]

1. g3 d5 2. Bg2 Nf6 3. Nf3 Bg4 4. d3 Nbd7 5. Nc3 c6 6. Bf4 Bxf3 7. exf3 e6 8.
O-O Be7 9. a3 O-O 10. Ne2 Qb6 11. Rb1 a5 12. h4 Rfe8 13. d4 c5 14. c3 c4 15. Kh2
Qc6 16. Rh1 b5 17. Kg1 b4 18. cxb4 axb4 19. axb4 Bxb4 20. h5 Bd6 21. h6 g6 22.
Bg5 Rab8 23. Bxf6 Nxf6 24. Qd2 e5 25. Qg5 Nd7 26. Bh3 f5 27. Bxf5 Bf8 28. Bxd7
Qxd7 29. dxe5 d4 30. Nf4 Be7 31. Qg4 Qxg4 32. fxg4 Bg5 33. Re1 Rxb2 34. e6 d3
35. Nxg6 hxg6 36. h7+ Kh8 37. f4 1-0

[Event "Challenge"]
[Site "http://www.queenalice.com/game.php?id=412093"]
[Date "2008.6.2"]
[Round "-"]
[White "iggis"]
[Black "erodatam"]
[Result "1-0"]
[WhiteElo "1871"]
[BlackElo "1802"]

1. e4 c5 2. d4 cxd4 3. c3 Nf6 4. Qxd4 Nc6 5. Qe3 Qc7 6. Be2 g6 7. h3 Bg7 8. Nf3
d6 9. O-O O-O 10. Na3 a6 11. Nc2 b5 12. Bd3 Bb7 13. Qe2 Rac8 14. a4 bxa4 15.
Rxa4 a5 16. Ncd4 Nd7 17. Be3 Nc5 18. Nb5 Qb8 19. Bxc5 dxc5 20. Na3 Rfd8 21. Nc4
Qc7 22. Rfa1 Ba6 23. Qe3 Bxc4 24. Bxc4 Qb6 25. Qe2 Rb8 26. Bxf7+ Kxf7 27. Qc4+
Ke8 28. Qg8+ Bf8 29. Ng5 Kd7 30. Ne6 Kc8 31. b4 axb4 32. Ra6 Qb5 33. c4 Qxc4 34.
Rxc6+ 1-0

[Event "Challenge"]
[Site "http://www.queenalice.com/game.php?id=412708"]
[Date "2008.6.4"]
[Round "-"]
[White "lupo1"]
[Black "erodatam"]
[Result "1-0"]
[WhiteElo "1758"]
[BlackElo "1740"]

1. e4 c5 2. d3 Nc6 3. g3 g6 4. Bg2 Bg7 5. Nd2 d6 6. a3 e6 7. Qe2 Nd4 8. Qd1 Ne7
9. c3 Ndc6 10. Ndf3 Rb8 11. Ne2 O-O 12. d4 e5 13. d5 Na5 14. h4 h5 15. Nh2 b5
16. Be3 Nc4 17. Bc1 Nb6 18. O-O a5 19. f4 b4 20. a4 Nd7 21. Nf3 Ba6 22. Rf2 Nf6
23. Ng5 Ng4 24. Rf3 Bc8 25. Qf1 1-0

[Event "França x Brasil"]
[Site "http://www.queenalice.com/game.php?id=416265"]
[Date "2008.6.11"]
[Round "-"]
[White "erodatam"]
[Black "gomestrovao"]
[Result "0-1"]
[WhiteElo "1754"]
[BlackElo "1792"]

1. e4 e5 2. Nf3 Nc6 3. d4 d5 4. dxe5 dxe4 5. Qxd8+ Nxd8 6. Nd4 Bc5 7. Nb3 Bb6 8.
Nc3 Bf5 9. Nd5 Nc6 10. Nxb6 cxb6 11. Bf4 Nge7 12. Bb5 O-O 13. O-O Rad8 14. Rfe1
Nd5 15. Bg3 Ndb4 0-1

[Event "Challenge"]
[Site "http://www.queenalice.com/game.php?id=423189"]
[Date "2008.6.25"]
[Round "-"]
[White "erodatam"]
[Black "iggis"]
[Result "0-1"]
[WhiteElo "1780"]
[BlackElo "1917"]

1. e4 c5 2. Nf3 d6 3. d4 cxd4 4. Nxd4 Nf6 5. Nc3 a6 6. f4 e5 7. Nf3 Nbd7 8. Bc4
Be7 9. O-O O-O 10. Kh1 b5 11. Bd5 Rb8 0-1